| 000 | 00830nam a2200169 a 4500 | ||
|---|---|---|---|
| 001 | 000027241 | ||
| 005 | 20200930030708.0 | ||
| 008 | 110330s1973 dr 000 | spa d | ||
| 040 |
_aDO-SdBNP _bspa _cBNPHU |
||
| 245 | 0 | 0 | _aCuarto y quinto seminarios. |
| 260 |
_aSanto Domingo : _bInstituto Duartiano, _c1973. _f(Impresora Arte y Cine) |
||
| 300 |
_a73 p. ; _c21 cm. |
||
| 490 | 1 |
_aPublicaciones del Instituto Duartiano _v10 |
|
| 505 | 0 | _aVersiones taquigráficas de los seminarios cuarto y quinto del Instituto Duartiano: "Seminario acerca de Juan Pablo Duarte en el Cibao en 1844, Santo Domingo, 1972" y "Seminario celebrado por el Instituto Duartiano, en la casa de Duarte el 9 de junio de 1972 a cerca del acontecimiento de igual fecha en 1844". | |
| 830 | 0 |
_aPublicaciones del Instituto Duartiano; _v10 _954300 |
|
| 049 | _aBNPD | ||
| 999 |
_c26733 _d26733 |
||